Managing in Health and Social Care (Record no. 4049)

MARC details
000 -LEADER
fixed length control field 00588nam a22002177a 4500
003 - CONTROL NUMBER IDENTIFIER
control field OSt
005 - DATE AND TIME OF LATEST TRANSACTION
control field 20160516143545.0
008 - FIXED-LENGTH DATA ELEMENTS--GENERAL INFORMATION
fixed length control field 160516b xxu||||| |||| 00| 0 eng d
020 ## - INTERNATIONAL STANDARD BOOK NUMBER
International Standard Book Number 9780415493895
040 ## - CATALOGING SOURCE
Transcribing agency DNLM
082 ## - DEWEY DECIMAL CLASSIFICATION NUMBER
Classification number WA525 M64m 2010
100 ## - MAIN ENTRY--PERSONAL NAME
Personal name Martin, Vivien; Charlesworth, Julie
9 (RLIN) 8815
245 ## - TITLE STATEMENT
Title Managing in Health and Social Care
250 ## - EDITION STATEMENT
Edition statement 2nd ed.
260 ## - PUBLICATION, DISTRIBUTION, ETC. (IMPRINT)
Place of publication, distribution, etc. London; Routledge, 2010
300 ## - PHYSICAL DESCRIPTION
Extent xiii,365p; ill: 25cm
504 ## - BIBLIOGRAPHY, ETC. NOTE
Bibliography, etc References, & index included
650 ## - SUBJECT ADDED ENTRY--TOPICAL TERM
Topical term or geographic name as entry element Health Care
9 (RLIN) 12
650 ## - SUBJECT ADDED ENTRY--TOPICAL TERM
Topical term or geographic name as entry element Health management
9 (RLIN) 8816
942 ## - ADDED ENTRY ELEMENTS (KOHA)
Source of classification or shelving scheme Other/Generic Classification Scheme
Koha item type Open Shelf
Holdings
Withdrawn status Lost status Source of classification or shelving scheme Damaged status Not for loan Home library Current library Date acquired Source of acquisition Inventory number Total Checkouts Full call number Barcode Date last seen Koha item type Price effective from
    Other/Generic Classification Scheme     MUST Main Library MUST Main Library 16/05/2016   14/37452   WA525 M64m 2010 2016-1934 16/05/2016 Open Shelf  
    Other/Generic Classification Scheme     MUST Main Library MUST Main Library 28/06/2016   2014/37451   WA525 M64m 2010 2016-2823 28/06/2016 Open Shelf 28/06/2016